Managing tenant mix in shopping centres in the United Kingdom (Record no. 102937)
[ view plain ]
| 000 -LEADER | |
|---|---|
| fixed length control field | 01314cam a2200265 4500 |
| 001 - CONTROL NUMBER | |
| control field | J122813 |
| 008 - FIXED-LENGTH DATA ELEMENTS--GENERAL INFORMATION | |
| fixed length control field | 030630n2002 000 0 eng u |
| 022 ## - INTERNATIONAL STANDARD SERIAL NUMBER | |
| International Standard Serial Number | 1354-506X |
| 035 ## - SYSTEM CONTROL NUMBER | |
| System control number | (Sirsi) u122813 |
| 041 ## - LANGUAGE CODE | |
| Language code of text/sound track or separate title | eng |
| 050 ## - LIBRARY OF CONGRESS CALL NUMBER | |
| Classification number | 346.4104343 |
| -- | 18 |
| 100 ## - MAIN ENTRY--PERSONAL NAME | |
| Personal name | Downie, Mary-Lou |
| 245 ## - TITLE STATEMENT | |
| Title | Managing tenant mix in shopping centres in the United Kingdom |
| 260 ## - PUBLICATION, DISTRIBUTION, ETC. | |
| Place of publication, distribution, etc. | London |
| Name of publisher, distributor, etc. | RICS Foundation |
| Date of publication, distribution, etc. | 2002 |
| 490 ## - SERIES STATEMENT | |
| Series statement | RICS Foundation Research Papers |
| Volume/sequential designation | 4(14) |
| 520 ## - SUMMARY, ETC. | |
| Summary, etc. | The variety and location of retailers within a group of shops, known as 'tenant mix', has been identified as a critical factor in the success or failure of purpose-built shopping centres. There have been numerous studies made of the impact tenant mix can have on profitability, but less is known about the way in which landlord-investors approach the allocation of leases within shopping centres. This study aims to increase understanding of how they perceive and manage tenant mix. |
| 650 ## - SUBJECT ADDED ENTRY--TOPICAL TERM | |
| Topical term or geographic name entry element | RETAIL PROPERTY |
| 650 ## - SUBJECT ADDED ENTRY--TOPICAL TERM | |
| Topical term or geographic name entry element | SHOPPING CENTRES |
| 650 ## - SUBJECT ADDED ENTRY--TOPICAL TERM | |
| Topical term or geographic name entry element | TENANT MIX |
| 690 ## - LOCAL SUBJECT ADDED ENTRY--TOPICAL TERM (OCLC, RLIN) | |
| Topical term or geographic name as entry element | PROPERTY-COMMERCIAL PROPERTY-RETAIL PROPERTY |
| 700 ## - ADDED ENTRY--PERSONAL NAME | |
| Personal name | Fisher, Peter |
| 700 ## - ADDED ENTRY--PERSONAL NAME | |
| Personal name | Williamson, Cheryl |
| 856 40 - ELECTRONIC LOCATION AND ACCESS | |
| Uniform Resource Identifier | <a href="https://www.rics.org/Global/Downloads/ManagingTenantMixShoppingCentres2002.pdf">https://www.rics.org/Global/Downloads/ManagingTenantMixShoppingCentres2002.pdf</a> |
| Public note | View the item at www.rics.org. |
| 942 ## - ADDED ENTRY ELEMENTS (KOHA) | |
| Suppress in OPAC | 0 |
| Withdrawn status | Lost status | Source of classification or shelving scheme | Damaged status | Not for loan | Home library | Current library | Shelving location | Date acquired | Total Checkouts | Full call number | Barcode | Date last seen | Copy number | Price effective from | Koha item type |
|---|---|---|---|---|---|---|---|---|---|---|---|---|---|---|---|
| Dewey Decimal Classification | Virtual | Virtual | Online | 30/06/2003 | ONLINE PUBLICATION | 122813-1001 | 06/08/2019 | 1 | 06/08/2019 | Book |